Piłkarska kariera Robina van Persiego. - Statystyki

Ogólne statystyki
  • Ten quiz został rozwiązany 94 razy
  • Średni wynik to 4 z 5
Statystyki odpowiedzi
Lata Drużyna % Poprawnych
2012-2015 Manchester United
95%
2004-2012 Arsenal
92%
2001-2004 Feyenoord
69%
2018-2019 Feyenoord
69%
2015-2018 Fenerbahce
57%
Nie znaleziono quizów pasujących do podanych kryteriów
Rozkład punktacji
Procent ludzi z każdym wynikiem
Percentyl według liczby udzielonych odpowiedzi
Twoja historia wyników
Nie rozwiązałeś tego quizu